Estudio de la hidrólisis enzimática y del proceso fermentativo para la producción de alcohol a partir de dos fuentes amiláceas

محفوظ في:
التفاصيل البيبلوغرافية
المؤلف الرئيسي: González Fernández, Jorge
التنسيق: كتاب
اللغة:Undetermined
منشور في: San José, C.R 2002
الموضوعات:
الوسوم: إضافة وسم
لا توجد وسوم, كن أول من يضع وسما على هذه التسجيلة!

MARC

LEADER 00000nam a2200000Ia 4500
003 009043
005 20221231144150.0
008 140114s9999 xx 000 0 und d
040 |c cru CEDI 
090 |a TFG 4606 
100 |a González Fernández, Jorge  |9 7140 
245 |a Estudio de la hidrólisis enzimática y del proceso fermentativo para la producción de alcohol a partir de dos fuentes amiláceas  
260 |c 2002  |a  San José, C.R 
300 |a vi, 153, [13] hojas : ilustraciones  
500 |a  Proyecto de graduación (licenciatura en ingeniería química)--Universidad de Costa Rica. Facultad de Ingeniería. Escuela de Ingeniería Química 
650 |x kALCOHOL COMO COMBUSTIBLE   |x  PRODUCCION   |x HIDROLISIS ENZIMATICA   |x FERMENTACION   |x INVESTIGACIONES  |9 7141 
942 |c TFG 
999 |c 17837  |d 17837